[Event "Ernst Rasmussen BDG tournament"]
[Site "Port Townsend"]
[Date "2010.10.23"]
[Round "2"]
[White "Pitre, Hanniegn G"]
[Black "Satyajit, Malugu"]
[Result "0-1"]
[WhiteElo "1816"]
[BlackElo "2162"]
[PlyCount "56"]
[EventDate "2010.10.23"]
[EventType "swiss (rapid)"]
[EventRounds "4"]
[EventCountry "USA"]
[SourceTitle "EXT 2017"]
[Source "ChessBase"]
[SourceDate "2016.10.25"]
[SourceVersion "1"]
[SourceVersionDate "2016.10.25"]
[SourceQuality "1"]

1. d4 d5 2. e4 dxe4 3. Nc3 Nf6 4. f3 exf3 5. Nxf3 Bg4 6. Bc4 e6 7. 0-0 Be7 8. Bg5 Nc6 9. Bb5 0-0 10. Bxc6 bxc6 11. Bxf6 Bxf6 12. Ne4 Be7 13. c3 Qd5 14. Qe1 c5 15. Ne5 Bf5 16. Ng3 Bg6 17. Kh1 cxd4 18. c4 Qb7 19. Nxg6 hxg6 20. b3 c5 21. Rf3 Rad8 22. Qe2 Qc7 23. Raf1 e5 24. Ne4 f5 25. Ng3 e4 26. Nxe4 fxe4 27. Qxe4 Qd6 28. Re1 d3 0-1